[Event "SVK-chT U12 rapid"]
[Site "Poprad"]
[Date "2025.05.02"]
[Round "2.21"]
[White "Macejko, Alexander"]
[Black "Cernak, Alan"]
[Result "1-0"]
[WhiteElo "1449"]
[BlackElo "1507"]
[PlyCount "99"]
[EventDate "2025.05.02"]
[EventType "team-swiss (rapid)"]
[EventRounds "7"]
[EventCountry "SVK"]
[SourceTitle "CB19_2025"]
[SourceDate "2025.05.07"]
[SourceVersion "1"]
[SourceVersionDate "2025.05.07"]
[SourceQuality "1"]

1. e4 e5 2. Nf3 Nc6 3. Bc4 Nf6 4. 0-0 Bc5 5. d3 h6 6. Nc3 d6 7. h3 0-0 8. Be3 Bb6 9. Ne2 Bxe3 10. fxe3 Be6 11. Bxe6 fxe6 12. Qd2 Qd7 13. c3 Ne7 14. b4 d5 15. exd5 exd5 16. Nxe5 Qd6 17. Nf3 Rf7 18. Rf2 Raf8 19. Raf1 Nh5 20. c4 Ng3 21. c5 Nxe2+ 22. Rxe2 Qg6 23. Ne5 Rxf1+ 24. Kh2 Qf5 25. d4 Rf2 26. Ng4 Rxe2 27. Qxe2 Qc8 28. e4 b6 29. e5 bxc5 30. bxc5 c6 31. e6 Qc7+ 32. Qe5 Qxe5+ 33. Nxe5 Rf2 34. a4 Ra2 35. Nf3 Rxa4 36. Kg3 a5 37. Kf4 Ra1 38. Ke5 Kf8 39. Kd6 a4 40. Ne5 a3 41. Nxc6 Nxc6 42. Kxc6 Rc1 43. Kd7 Re1 44. c6 a2 45. c7 Kg8 46. c8Q+ Kh7 47. e7 Rxe7+ 48. Kxe7 a1Q 49. Qf5+ Kh8 50. Qxd5 1-0

[Event "SVK-chT U12 rapid"]
[Site "Poprad"]
[Date "2025.05.02"]
[Round "6.25"]
[White "Macejko, Alexander"]
[Black "Voskar, Miloslav"]
[Result "1-0"]
[WhiteElo "1449"]
[BlackElo "1557"]
[PlyCount "63"]
[EventDate "2025.05.02"]
[EventType "team-swiss (rapid)"]
[EventRounds "7"]
[EventCountry "SVK"]
[SourceTitle "CB19_2025"]
[SourceDate "2025.05.07"]
[SourceVersion "1"]
[SourceVersionDate "2025.05.07"]
[SourceQuality "1"]

1. e4 e5 2. Nf3 Nc6 3. Bc4 Bc5 4. 0-0 Nf6 5. Nc3 0-0 6. d3 d6 7. h3 h6 8. Be3 Bxe3 9. fxe3 Be6 10. Bxe6 fxe6 11. Qd2 d5 12. exd5 exd5 13. d4 e4 14. Ne5 Nxe5 15. dxe5 Nd7 16. Qxd5+ Rf7 17. Qxf7+ Kh7 18. Qf5+ Kh8 19. Qxe4 Nc5 20. Qf3 Qd2 21. Rf2 Qd7 22. Raf1 a6 23. Qf5 Qe7 24. Nd5 Qh4 25. Qg6 Kg8 26. Rf7 Ne6 27. Ne7+ Kh8 28. Qxe6 Qg5 29. Ng6+ Kh7 30. Nf8+ Kh8 31. Qg6 Rxf8 32. Rxf8# 1-0

[Event "SVK-chT U12 rapid"]
[Site "Poprad"]
[Date "2025.05.02"]
[Round "3.17"]
[White "Sekeresova, Viktoria"]
[Black "Macejko, Alexander"]
[Result "1-0"]
[WhiteElo "1652"]
[BlackElo "1449"]
[PlyCount "103"]
[EventDate "2025.05.02"]
[EventType "team-swiss (rapid)"]
[EventRounds "7"]
[EventCountry "SVK"]
[SourceTitle "CB19_2025"]
[SourceDate "2025.05.07"]
[SourceVersion "1"]
[SourceVersionDate "2025.05.07"]
[SourceQuality "1"]

1. e4 e5 2. Nf3 Nc6 3. Bc4 Bc5 4. Nc3 Nf6 5. 0-0 0-0 6. d3 h6 7. Re1 d6 8. h3 Na5 9. Bb5 c6 10. Ba4 b5 11. a3 bxa4 12. b4 Bb6 13. bxa5 Bxa5 14. Bd2 Bd7 15. Nxa4 c5 16. Nb2 Bxd2 17. Qxd2 Qc7 18. Rab1 Rab8 19. Nc4 Bb5 20. Ne3 Bc6 21. Rec1 Rxb1 22. Rxb1 Rb8 23. Qe1 d5 24. Rxb8+ Qxb8 25. Qc3 d4 26. Qxc5 dxe3 27. Qxc6 Qb1+ 28. Kh2 e2 29. Qc3 g5 30. Qe1 Qxe1 31. Nxe1 g4 32. c4 h5 33. c5 Nd7 34. c6 Nb6 35. hxg4 hxg4 36. Kg3 Kg7 37. Kxg4 Kg6 38. Kf3 f5 39. Kxe2 Kg5 40. exf5 Kxf5 41. Ke3 a5 42. d4 Nd5+ 43. Kd3 Nf4+ 44. Kc4 Ne6 45. Kd5 exd4 46. Nd3 a4 47. Nc5 Nxc5 48. Kxc5 d3 49. c7 Ke4 50. c8Q d2 51. Qg4+ Kd3 52. Qd1 1-0

[Event "SVK-chT U12 rapid"]
[Site "Poprad"]
[Date "2025.05.02"]
[Round "1.21"]
[White "Verespej, Daniel"]
[Black "Macejko, Alexander"]
[Result "0-1"]
[WhiteElo "1000"]
[BlackElo "1449"]
[PlyCount "48"]
[EventDate "2025.05.02"]
[EventType "team-swiss (rapid)"]
[EventRounds "7"]
[EventCountry "SVK"]
[SourceTitle "CB19_2025"]
[SourceDate "2025.05.07"]
[SourceVersion "1"]
[SourceVersionDate "2025.05.07"]
[SourceQuality "1"]

1. e4 e5 2. Nf3 Nc6 3. Bc4 Bc5 4. Nc3 Nf6 5. Ng5 0-0 6. Bxf7+ Rxf7 7. Nxf7 Kxf7 8. d3 h6 9. 0-0 d6 10. Nd5 Nxd5 11. exd5 Ne7 12. Qf3+ Kg8 13. c4 c6 14. Be3 Bb6 15. Rac1 cxd5 16. cxd5 Bd7 17. Qe4 Bf5 18. Qc4 Rc8 19. Qb4 Rxc1 20. Rxc1 Bxd3 21. Bxb6 axb6 22. Qd2 Be4 23. Qc3 Bxd5 24. Qg3 Bxa2 0-1